|
|
|
|
| LEADER |
01218cam a2200301 7i4500 |
| 001 |
0000064129 |
| 005 |
20211201090000.0 |
| 020 |
|
|
|a 9780470527931 (electronic book)
|
| 090 |
0 |
0 |
|a HV6691
|b .B54 2010
|
| 100 |
1 |
|
|a Biegelman, Martin T
|
| 245 |
1 |
0 |
|a Foreign corrupt practices act compliance guidebook :
|b protecting your organization from bribery and corruption
|c Martin T. Biegelman, Daniel R. Biegelman.
|
| 264 |
|
|
|a Hoboken, New Jersey:
|b John Wiley & Sons,
|c 2010.
|
| 300 |
|
|
|a 1 online resource (xxvi, 358 pages):
|b text file, PDF.
|
| 336 |
|
|
|a text
|2 rdacontent
|
| 337 |
|
|
|a computer
|2 rdamedia
|
| 338 |
|
|
|a online resource
|2 rdacarrier
|
| 490 |
0 |
|
|a Wiley corporate F&A
|
| 650 |
|
0 |
|a Bribery --
|x Prevention
|
| 650 |
|
0 |
|a International trade --
|x Corrupt practices --
|x Prevention
|
| 650 |
|
0 |
|a Corporations --
|x Corrupt practices --
|x Prevention
|
| 650 |
|
0 |
|a Fraud --
|x Prevention
|
| 655 |
|
0 |
|a Electronic books
|
| 700 |
1 |
|
|a Biegelman, Daniel R.
|
| 856 |
4 |
2 |
|u http://library.unisel.edu.my/web/guest/mylibrary
|
| 997 |
|
|
|a Business & Accountancy, Faculty
|
| 998 |
|
|
|a Business Management, Diploma
|
| 998 |
|
|
|a Business Management, Degree
|
| 999 |
|
|
|a EBO0008670
|b EBOOK
|c EBOOK
|e Electronic resources
|